| 000 | 00777nam a2200217Ia 4500 | ||
|---|---|---|---|
| 003 | GCL | ||
| 008 | 140319s9999 xx 000 0 ara d | ||
| 020 | _a8524327977 | ||
| 040 |
_aGCL / _cGCL |
||
| 082 | 0 | 4 |
_a709.01 _bم د |
| 100 | 1 | _aمحمد السيد غيطاس | |
| 245 | 1 | 0 |
_aدراسات وبحوث فى الاثار والحضارة الاسلامية / _cمحمد السيد غيطاس |
| 260 |
_aالقاهرة : _bدار الوفاء لدنيا الطباعة والنشر ، _c2004 |
||
| 300 |
_a2 مج ؛ _c24 سم |
||
| 650 | 0 | 4 | _aالعمارة الاسلامية |
| 650 | 0 | 4 | _aالاثار الاسلامية |
| 650 | 0 | 4 | _aالحضارة الاسلامية |
| 650 | 0 | 4 | _aالفن الشرقى |
| 650 | 0 | 4 | _aالفن الاسلامى |
| 942 |
_2ddc _cBK |
||
| 999 |
_c34790 _d34790 |
||